Quizzes
Events
Quiz Creation
Community
Videos
Private Events
Remove Ads
Sign In
Join for FREE
Feedback
Dark Mode
Quiz Categories
Sports
Geography
Music
Movies
Television
Just For Fun
Miscellaneous
History
Literature
Language
Science
Gaming
Entertainment
Religion
Holiday
For Kids
Quiz Lab
Recent
Popular Today
Quiz Kudos Today
Editor Picks
Curator Picks
Quizzes by...
Day
Popularity
Type
Ratings
Length
Year
Community
Subscriptions
Recent Discussions
Orange Saloon
Badges
Playlists
Quests
Create
Leaderboards
Showdown
Live 5
Trivia Bingo
Activity
Puzzle Library
Sporcle Events
Private Events
Virtual Trivia
Globe League
Become a Host
Pub Owners
SporcleCon
Opinionation
Our Games
Videos
Blog
Mobile Apps
Partnerships
Remove Ads and Go Orange
Feedback
Geography
Country
Landmarks
City
State
Population
World
Capital
Continent
Flags
Europe
Africa
Asia
South America
North America
Oceania
Border
Canada
United Kingdom
Topography
United States
Geography
Country
Landmarks
City
State
Population
World
Capital
Continent
Flags
Europe
Africa
Asia
South America
North America
Oceania
Border
Canada
United Kingdom
Topography
United States
Random Quiz
Search Sporcle
×
Quiz Lab
Quiz Lab
Geography
Continent
Type in answers that appear in a list
Type in answers that appear in a list
Classic
Best Score? Go Orange.
Cape town to cape horn Stats
Can you name the the countries you cross when going by foot from Cape Good Hope to Cape Horn (via Bering Strait)?
By
guido17
4m
34 Questions
228 Plays
228 Plays
228 Plays
Comments
Comments
Give Quiz Kudos
Give Quiz Kudos
-
- Ratings
hide this ad
Forced Order
Answers have to be entered in order
Answers have to be entered in order
Replay
Link that replays current quiz
Next Quiz
Link to next quiz in quiz playlist
You Got
0%
They Got
Avg Score
62%
Avg Friend Score
Upgrade to see
Score Distribution
Jump to the score distribution portion of the page
Score
0/34
Timer
04:00
0
Plays Today
Continent
Country
% Correct
Africa
South Africa
99.1%
Africa
Namibia
84.6%
Africa
Botswana
76.3%
North America
United States
67.1%
North America
Canada
66.7%
Africa
Egypt
66.2%
Asia
Russia
66.2%
Asia
Israel
65.8%
North America
Mexico
65.8%
Africa
Angola
64.9%
Asia
Jordan
63.2%
Africa
Sudan
62.7%
Asia
Iran
62.3%
Africa
Democratic Republic of Congo
61.8%
Asia
Iraq
61.4%
North America
Guatemala
61.4%
North America
Panama
61%
Continent
Country
% Correct
South America
Chile
61%
North America
Honduras
60.5%
North America
Costa Rica
60.5%
South America
Argentina
60.1%
Asia
China
59.6%
Asia
Mongolia
59.6%
North America
Nicaragua
59.6%
South America
Colombia
59.6%
South America
Brazil
58.8%
Africa
Zambia
57%
Asia
Kazakhstan
57%
South America
Peru
57%
Asia
Uzbekistan
56.1%
South America
Ecuador
55.3%
Africa
Central African Republic
54.4%
Asia
Turkmenistan
53.9%
Asia
Kyrgyzstan
52.2%
Quiz Playlist
Details
Report
Send in Message
Add To Playlist
Classic:
Type in answers that appear in a list
Forced Order:
Answers have to be entered in order
Quiz Source
Last Updated: Feb 16, 2017
Quiz Scoreboard
CHALLENGE
Sign Up to Join the Scoreboard
Show All
Scores
Hide
Comments
May contain spoilers
Recently Published
Click the 1999 NBA Draft
by nibperrychub
Sports
2m
Alphabetical 'K' Countries by Flag Minefield
by ylime102
Geography
3m
Pick 6: Fruits
by JohnFran
Miscellaneous
15s
More to Explore
Quiz From the Vault
Featured Blog Post
15 Basketball Trivia Facts You Can Be March Mad About
hide this ad
You Might Also Like...
Tags
Continent Quiz
Country Quiz
cape
cross
foot
hope
Horn
strait
Town
Today's Top Quizzes in Geography
Browse Geography
hide this ad
Today's Top Quizzes in Continent
Browse Continent
Top Contributed Quizzes in Geography
1
Countries of the World - No Outlines Minefield
2
Pick 6: Mountains
3
Least Populated Answer: 'G' Countries
4
Alphabetical 'L' Countries By Flag Minefield
5
Lietuvos savivaldybės (Lithuanian Municipalities)
6
Alphabetical 'M' Countries By Flag Minefield
7
Pick 6: National Parks
8
Pick 6: US States
9
African Flag Reveal XXXVI
10
Find the Landmarks A-Z
Explore More
Trending Topics
Marvel
Kpop
Anime
Harry Potter
NBA
Disney
Crossword
Song
WWE
Country
Soccer
The Office
Puzzle
Pokémon
NFL
hide this ad
More By:
guido17
Quiz
Plays
Rating
Category
Featured
Created
12 provinces of The Netherlands
1,555
3.60
Geography
Sep 29, 2009
Dutch soccer teams
901
2.20
Sports
Sep 23, 2009
Dutch monopoly streets
753
5.00
Gaming
Nov 5, 2009
Countries with capital not biggest city
737
3.70
Geography
Nov 19, 2009
25 Cities in The Netherlands
684
3.50
Geography
Sep 23, 2009
Go to Creator's Profile
Score Distribution
Quiz Creator Spotlight
guido17
Follow
Send a Message
Quizzes Created
-
Created Quiz Play Count
-
More By This Creator
Popular Quizzes Today
1
Countries of Asia Without Outlines Minefield
2
Find the US States - No Outlines Minefield
3
Pick 6: Fruits
4
Alphabetical 'K' Countries by Flag Minefield
5
The Countries of the World
6
Find the US States
7
US States
8
Match the Book to the Film X
More Geography Quizzes
Two Word Landmarks
Published
Trending Quizzes
Pick 6: Mountains
Pick 6: Harry Potter
Pick 6: NFL Teams
Pick 6: Movie Franchises
Pick 6: Flags
Recently Updated
NWSL Teams
pecheneg
Women's Final Four Teams by Year
bhenderson79
Presidents Quartet II
eogle
Anything But Clue(do)
eogle
Anything But Oceanian Capitals
eogle
Anything But 7
eogle
Anything But Thing
eogle
Word Ladder: February 29
pecheneg
Song Title Questions
pecheneg
Women's NCAA Tournament #1 Seeds
pecheneg
Trending Topics
Marvel
Disney
Crossword
Kpop
Anime
Harry Potter
NBA
NFL
Puzzle
Song
Soccer
Country
WWE
The Office
Pokémon
Your Account Isn't Verified!
In order to create a playlist on Sporcle, you need to verify the email address you used during registration. Go to your
Sporcle Settings
to finish the process.
Report this User
Report this user for behavior that violates our
Community Guidelines
.
Details:
Send Report
Go to the Sporcle.com Mobile Site →
Comments